Statystyki dla MIEJSCE, W KTÓRYM MOŻNA ZNALEŹĆ TŁUM LUDZI:

Kliknij tutaj aby rozwiązać quiz!

Ogólne statystyki

  • Ten quiz został rozwiązany 59 razy
  • Średni wynik to 4 z 6

Statystyki odpowiedzi

Odpowiedź% Poprawnych
KONCERT
83%
SKLEP
79%
KINO
75%
STADION
67%
KLUB
65%
RYNEK
56%

Rozkład punktacji

Percentyl według liczby udzielonych odpowiedzi

Procent ludzi z każdym wynikiem

Twoja historia wyników

Nie rozwiązałeś tego quizu